000 00408nam a22001457a 4500
005 20161116124820.0
008 161116b xxu||||| |||| 00| 0 eng d
040 _cPK-LaUMT
082 _aRHC 891.4397
_bJAV-K
100 _aجاوید اصغر
245 _aخندوہ جاوید
_bطنزومزاح
_cجاوید اصغر
260 _aلاہور
_bدارالنوادر
_c2012
300 _a148 ص
942 _cBK
999 _c88746
_d88746